000 01096nam a2200265 i 4500
001 114845
003 ES-MaACL
005 20230906190250.0
007 t|
008 070403s1961 sp ||||1| spa d
080 _a551.46
080 _a629.12
100 1 _aRomanovsky, Vsevolod.
_999267
245 1 3 _aEl mar /
_cobra publicada bajo la dirección de V. Romanovsky, C. Francis-Boeuf, Jacques Bourcart con la colaboración de P. Bohé, J.-Y. Cousteau, J. Feuga ; versión por Joaquín Gómez de LLarena y José María Navaz ; con la colaboración de José María Martínez-Hidalgo y de Terán.
260 _aBarcelona :
_bLabor,
_c1961.
300 _aXXIII, 693 p. :
_bil. ;
_c27 cm.
650 4 _aNavegación-
_vEnciclopedias.
_915498
650 4 _aMares y océanos-
_vEnciclopedias.
_914773
700 1 _aNavaz y Sanz, José María.
_985221
700 1 _aGómez de Llarena, Joaquín (
_d1891-1979)
_957911
700 1 _aFrancis-Boeuf, Claude.
_952183
700 1 _aBourcart, Jacques.
_930949
700 1 _aMartínez-Hidalgo, José María.
_978154
852 _aES-MaACL
_jA-561
_bR.47766
999 _c114845
_d114845